000 00510nam a2200181Ia 4500
005 20250923144409.0
008 008 250917s9999 xx 000 0 eng d
037 _aTextual
040 _aDSWL
_beng
_cDSWL
041 _aeng
_2eng
084 _aX:8, H8.1
_qDSWL
100 _aElbourne, E.T
_9824467
245 0 _aFundamentals of industrial management,vol,1
_cby E.T Elbourne
260 _aLondon
_c1948
300 _a299 p.
942 _cTEXL
_hX:8, H8.1
999 _c1438336
_d1438336